1170 1674 1086 1954 1385 1171 1976 1211 1757 1296 1136 1329 1522 1806 1472 1842 1217 1467 1653 1109 1919 1081 1365 1282 1629 1932 1364 1304 1963 1098 1454 1076 1456 1977 1965 1146 1367 1777 1522 1853 1639 1916 1044 1890 1329 1441 1930 1455 1061 1494 1517 1909 1869 1615 1746 1541 1252 1388 1676 1304 1267 1789 1263 1581 1675 1350 1715 1076 1945 1975 1159 1074 1972 1709 1741 1652 1758 1203 1684 1345 1860 1551 1954 1158 1318 1588 1648 1890 1125 1265 1610 1875 1356 1388 1863 1399 1428 1296 1578 BCNSPRNW ULIB Ver.6.0+V

เปลี่ยนเป็นภาษาไทย

Change to English
 แสดงรายละเอียดบรรณานุกรม
  กลับหน้าหลัก

Brief Record : Get Marc (ISO 2709) : E-mail record : QR code < ปิดหน้าต่าง
LEADER : 00000nam 2200000uu 4500
001    13399125668
003     ULIB
008    170713s2558||||th 000 0 tha d
020    ^a9786165071000
060 04 ^aWL346^bส984อ
100 0  ^aโสภา พิชัยยงค์วงศ์ดี
245 10 ^aออกกำลังกายพิชิตอัมพาตครึ่งซีก /^cโสภา พิชัยยงค์วงศ์ดี
250    ^aพิมพ์ครั้งที่ 1
260    ^aกรุงเทพฯ :^bหมอชาวบ้าน,^c2558.
300    ^a128 หน้า :^bภาพประกอบ ;^c21 ซม.
650  4 ^aอัมพาตครึ่งซีก
650  4 ^aอัมพาตครึ่งซีก^xการรักษาด้วยการออกกำลังกาย
650  4 ^aกายภาพบำบัด
945    ^p130^l0^i25250
999    ^aกัณชพร จุลอักษร
รายการนี้ยังไม่มีแท็ก
คุณยังไม่ได้ล็อกอิน คุณสามารถมีกิจกรรมร่วมกับเว็บไซต์ได้ แต่ต้องล็อกอินก่อน ::
  ล็อกอิน

รายการสื่อสารสนเทศ

ลำดับที่ ประเภท เลขเรียก/บาร์โค้ด สถานที่ สถานะ
1. วิทยาศาสตร์การแพทย์ และสุขภาพ
วิทยาศาสตร์การแพทย์ และสุขภาพ
สถานะ=หนังสือเก่า
WL346 ส984อ ฉ.1 
  Barcode: 25250
ห้องสมุดวิทยาเขตนครสวรรค์
►ส่วนจัดเก็บหนังสือเก่า นว.
บนชั้น
  ขอยืม

รายการใกล้เคียง
    ผู้แต่ง [โสภา พิชัยยงค์วงศ์ดี]

    หัวเรื่อง [อัมพาตครึ่งซีก]
    หัวเรื่อง [กายภาพบำบัด]

BibComment


ยังไม่เคยถูกคอมเมนท์

คอมเมนท์ทรัพยากรรายการนี้
  คอมเมนท์: ออกกำลังกายพิชิต..


 Copyright 2026. Bcnsprnw @Library